Nghiên cứu xác định hàm lượng đồng bằng phương pháp Von - Ampe hòa tan xung vi phan trong một số loại nước và đất sử dụng cho việc trồng rau trên địa bàn quận Liên Chiểu - thành phố Đà Nẵng

Vài nét giới thiệu về kim loại nặng. Các phương pháp vô cơ hóa mẫu xác định kim loại nặng...Thực nghiệm. Kết quả và thảo luận

Tallennettuna:
Bibliografiset tiedot
Päätekijä: Nguyễn, Thị Mỹ Uyên (Tác giả)
Muut tekijät: Nguyễn Thị Hường Th.S (Hướng dẫn)
Aineistotyyppi: Kirja
Kieli:Vietnamese
Julkaistu: Đà Nẵng Đại học Đà Nẵng 2010
Aiheet:
Tagit: Lisää tagi
Ei tageja, Lisää ensimmäinen tagi!
Thư viện lưu trữ: Mạng thư viện Đại học Đà Nẵng
LEADER 01633nam a2200361 4500
001 000012020
003 8304
005 20120215080224.0
008 120215s2010 viesd
041 |a vie 
072 |a Khóa luận tốt nghiệp 
082 |a 628.559751  |b NG-U 
100 |a Nguyễn, Thị Mỹ Uyên  |e Tác giả 
245 |a Nghiên cứu xác định hàm lượng đồng bằng phương pháp Von - Ampe hòa tan xung vi phan trong một số loại nước và đất sử dụng cho việc trồng rau trên địa bàn quận Liên Chiểu - thành phố Đà Nẵng  |c Nguyễn Thị Mỹ Uyên 
260 |a Đà Nẵng  |b Đại học Đà Nẵng  |c 2010 
300 |a 53 tr.  |b Bảng, biểu, hình ảnh  |c 29 cm 
500 |a Khóa luận tốt nghiệp khoa Hóa. Lớp 06 CHH 
520 |a Vài nét giới thiệu về kim loại nặng. Các phương pháp vô cơ hóa mẫu xác định kim loại nặng...Thực nghiệm. Kết quả và thảo luận 
653 |a Đồng 
653 |a Von - Ampe 
653 |a Vi phân 
653 |a Trồng rau 
700 |a Nguyễn Thị Hường  |c Th.S  |e Hướng dẫn 
OWN |a LSP 
AVA |a UDN50  |b LSP  |d 628.559751 NG-U  |e available  |t Error 5001 Not defined in file expand_doc_bib_avail.  |f 1  |g 0  |h N  |i 0  |k 1 
999 |a From the UDN01 
AVA |a UDN50  |b LSP  |d 628.559751 NG-U  |e available  |t Error 5001 Not defined in file expand_doc_bib_avail.  |f 1  |g 0  |h N  |i 0  |k 1 
TYP |a Monograph 
TYP |a Printed language 
980 |a Mạng thư viện Đại học Đà Nẵng